• 首页
  • 本馆介绍
  • 公告通知
  • 最新文献
  • 馆藏检索
  • 电子资源
  • 读者导购
  • 参考咨询
  • 我的图书馆
  • 登录
  • 详细信息显示
  • 放入我的书架
  • 预约/预借图书
  • 作者相关作品
  • 分类相关作品
  • 丛书相关作品
  • 出版社相关作品

书目信息

  • 表格格式
  • 工作单格式
  • 卡片格式
题名:
超精致的黑白手绘基础教程
    
 
作者: 黎莉 编著
分册:  
出版信息: 北京   电子工业出版社  2020.4
页数: 188页
开本: 21cm
丛书名:
单 册:
中图分类: J211.27
科图分类:
主题词: 花卉画--绘画技法
电子资源:
ISBN: 978-7-121-38681-7
000 00929nam0 2200265 45
001 490182
005 20140817204629.0
010    @a978-7-121-38681-7@dCNY69.00
099    @aCAL 012020079681
100    @a20200421d2020 em y0chiy0110 ea
101 0  @achi
102    @aCN@b110000
105    @aa z 000yy
106    @ar
200 1  @a超精致的黑白手绘基础教程@Achao jing zhi de hei bai shou hui ji chu jiao cheng@e繁花绘@f黎莉等编著
210    @a北京@c电子工业出版社@d2020.4
215    @a188页@c图@d21cm@e附繁花绘线稿临摹 (1册 ; 21cm)
330    @a本书分为基础篇、名贵花卉、草本花卉、木本花卉、净化空气花卉五章,内容包括:常用绘画工具和纸张、常用线条绘制、表现花卉的不同线条、绘制花卉常用的几种构图等。
333    @a本书适用于绘画爱好者
517 1  @a繁花绘
606 0  @a花卉画@x绘画技法
690    @aJ211.27@v5
701  0 @a黎莉@Ali li@4编著
801    @aCN@b江苏凤凰@c20211018
905    @b1355955-8@dJ211.27@e1563@f4
    
    超精致的黑白手绘基础教程:繁花绘/黎莉等编著.-北京:电子工业出版社,2020.4
    188页:图;21cm+附繁花绘线稿临摹 (1册 ; 21cm)
    使用对象:本书适用于绘画爱好者
    
    ISBN 978-7-121-38681-7:CNY69.00
    本书分为基础篇、名贵花卉、草本花卉、木本花卉、净化空气花卉五章,内容包括:常用绘画工具和纸张、常用线条绘制、表现花卉的不同线条、绘制花卉常用的几种构图等。
●
相关链接 在E读中查询图书 在五车中查询图书 在当当中查询图书 在豆瓣中查询图书


正题名:超精致的黑白手绘基础教程     索取号:J211.27/1563         预约/预借

序号 登录号 条形码 馆藏地/架位号 状态 备注
1 1355955   213559558   第一样本阅览室/ [索取号:J211.27/1563] 在馆    
2 1355956   213559567   第一借阅区/ [索取号:J211.27/1563] 在馆    
3 1355957   213559576   第一借阅区/ [索取号:J211.27/1563] 在馆    
4 1355958   213559585   第一借阅区/ [索取号:J211.27/1563] 在馆    
唐山师范学院图书馆 欢迎您!
大连网信软件有限公司© 版权所有